Greek and Roman antiquities : a guide to the classical collection /

Saved in:

Main Author: Chase, George Henry, 1874-1952. (Author)

Corporate Author: Museum of Fine Arts, Boston.

Format: Book

Language: English

Published: Boston : Museum of Fine Arts, c1950

Subjects:

Tags: Add Tag

No Tags, Be the first to tag this record!

Call Number: N5605 .C38 1950

LEADER 00784namaa2200253 4500
001 25199
003 OSt
005 20250821114837.0
008 130303s1950 maua b 000 0 eng d
040 |c ARCE Library 
050 4 |a N5605 .C38 1950 
100 1 |a Chase, George Henry,   |d 1874-1952.  |e author 
245 1 0 |a Greek and Roman antiquities :   |b a guide to the classical collection /   |c by George H. Chase. 
264 1 |a Boston :   |b Museum of Fine Arts,   |c c1950 
300 |a xi, 169 pages :   |b illustrations ;   |c 23 cm. 
504 |a Bibliography : pages 4-6. 
650 0 |a Art, Greek. 
650 0 |a Art, Roman. 
650 0 |a Art objects, Classical. 
650 0 |a Classical antiquities. 
710 2 |a Museum of Fine Arts, Boston. 
901 |a reviewed 
942 |c BK  |2 lcc 
999 |c 21151  |d 21151